[Event "Superettan(Kamraterna-Schack 08)"]
[Site "?"]
[Date "2017.03.05"]
[Round "5"]
[White "Svensson, Bengt"]
[Black "Rosberg, Simon"]
[Result "1/2-1/2"]
[WhiteElo "2323"]
[BlackElo "2309"]
[PlyCount "105"]
1. e4 c5 2. Nf3 e6 3. d4 cxd4 4. Nxd4 Nc6 5. Nc3 Qc7 6. Be2 a6 7. O-O Nf6 8.
Be3 Be7 9. f4 d6 10. Qe1 O-O 11. Qg3 Nxd4 12. Bxd4 b5 13. a3 Bb7 14. Kh1 Rad8
15. e5 dxe5 16. Bxe5 Qc5 17. f5 Rd2 18. Bf4 Nh5 19. Bxh5 Bxg2+ 20. Qxg2 Rxg2
21. Kxg2 Qxf5 22. Be2 Qxc2 23. Rab1 b4 24. axb4 Bxb4 25. Rfc1 Qg6+ 26. Bg3 f5
27. Bd3 Qg5 28. Kh1 f4 29. Bf2 Rd8 30. Rd1 f3 31. Bf1 Bxc3 32. bxc3 Rxd1 33.
Rxd1 a5 34. Rb1 Qe5 35. Bd4 Qd5 36. Rb8+ Kf7 37. Rb5 Qe4 38. Kg1 a4 39. Ra5 e5
40. Rxe5 Qg4+ 41. Kf2 g5 42. Ra5 Qf4 43. Ra7+ Ke6 44. Ra6+ Ke7 45. Ra7+ Ke6 46.
Ra6+ Ke7 47. Rxa4 Qxh2+ 48. Kxf3 Qf4+ 49. Ke2 Qe4+ 50. Kd2 Qf4+ 51. Ke2 Qe4+
52. Kd2 Qf4+ 53. Ke2 1/2-1/2

[Event "Superettan(Kamraterna-Schack 08)"]
[Site "?"]
[Date "2017.03.05"]
[Round "5"]
[White "Wikstrom, Per"]
[Black "Hamark, Jesper"]
[Result "0-1"]
[WhiteElo "2194"]
[BlackElo "2291"]
[PlyCount "148"]
1. d4 d6 2. Bf4 g6 3. Nc3 Bg7 4. Nf3 Nd7 5. e4 a6 6. Qd2 b5 7. e5 Bb7 8. Qe3
Nb6 9. a3 e6 10. Bg5 Ne7 11. Ne4 Nbd5 12. Qd2 h6 13. Bh4 g5 14. Bg3 Nf5 15. h3
Nxg3 16. fxg3 Nb6 17. Qe3 dxe5 18. dxe5 Bxe4 19. Qxe4 Qd5 20. Qxd5 exd5 21.
O-O-O O-O-O 22. Bd3 Rhe8 23. Rhe1 Kb7 24. Re2 Re7 25. Rde1 Rde8 26. c3 Nd7 27.
Bf5 Nxe5 28. Nxe5 Bxe5 29. Kc2 f6 30. g4 Rh8 31. Rd1 c6 32. a4 h5 33. axb5 axb5
34. Ra1 h4 35. Ree1 Rd8 36. Ra2 Ra8 37. Rxa8 Kxa8 38. Ra1+ Kb7 39. Re1 Kb6 40.
Ra1 Kb7 41. Bd3 Re8 42. Bg6 Rd8 43. Bd3 Rb8 44. Be2 Re8 45. Bd3 Bf4 46. Rf1 Ra8
47. Re1 Be5 48. Be2 Kb6 49. Bf3 Ra4 50. Rd1 Ra2 51. Kb3 Ra7 52. Kc2 Ra4 53. Rd2
b4 54. Kb3 bxc3 55. bxc3 Rc4 56. Rc2 Kc5 57. Rc1 Kd6 58. Rc2 Rc5 59. c4 Ra5 60.
cxd5 cxd5 61. Rc8 Kd7 62. Rc1 Bf4 63. Rd1 Kd6 64. Kb4 Rc5 65. Kb3 Be3 66. Rd3
d4 67. Be4 Ke5 68. Bf3 Kf4 69. Rd1 Kg3 70. Rf1 Bf2 71. Rd1 Rc3+ 72. Kb4 Rxf3
73. gxf3 Kxh3 74. f4 Kg2 0-1

[Event "Superettan(Kamraterna-Schack 08)"]
[Site "?"]
[Date "2017.03.05"]
[Round "5"]
[White "Mohammadi, Amir"]
[Black "Ottenklev, Niclas"]
[Result "1/2-1/2"]
[WhiteElo "2297"]
[BlackElo "2168"]
[PlyCount "117"]
1. e4 e6 2. d4 d5 3. Nc3 Bb4 4. Nge2 Nc6 5. a3 Ba5 6. b4 Bb6 7. Be3 Nf6 8. e5
Ng4 9. Nf4 Nxe3 10. fxe3 Qg5 11. Bb5 O-O 12. Bxc6 bxc6 13. Qh5 Qxh5 14. Nxh5 a5
15. Kd2 f6 16. exf6 gxf6 17. Na4 Kf7 18. Rhf1 Ke7 19. c3 axb4 20. axb4 Ba6 21.
Rfe1 Bb5 22. Nb2 e5 23. Nd3 Ke6 24. Rf1 Rxa1 25. Rxa1 Rg8 26. Rg1 Ra8 27. Nc1
f5 28. g3 Rg8 29. dxe5 Kxe5 30. Nd3+ Kd6 31. Nhf4 Ra8 32. Nc1 c5 33. bxc5+ Bxc5
34. Nfd3 Bb6 35. Rf1 Bd7 36. Nf4 Ra3 37. Nfe2 c5 38. Rf4 Ra4 39. Rxa4 Bxa4 40.
Nd3 Bb5 41. Nef4 Ba5 42. Ne2 Bxd3 43. Kxd3 c4+ 44. Kd2 Ke5 45. Nf4 Ke4 46. Ng2
Bd8 47. Ke2 Bf6 48. Kd2 Be7 49. Ke2 Bc5 50. Nf4 Bxe3 51. Nxd5 Bg1 52. Nf6+ Ke5
53. Nxh7 Bxh2 54. Kf3 f4 55. gxf4+ Bxf4 56. Nf8 Bd2 57. Nd7+ Kd5 58. Nb6+ Kc5
59. Nxc4 1/2-1/2

[Event "Superettan(Kamraterna-Schack 08)"]
[Site "?"]
[Date "2017.03.05"]
[Round "5"]
[White "Schutz, Ingemar"]
[Black "Borvander, Tom"]
[Result "1-0"]
[WhiteElo "2194"]
[BlackElo "2153"]
[PlyCount "37"]
1. e4 e5 2. f4 exf4 3. Nc3 g5 4. h4 Bg7 5. hxg5 Qxg5 6. Nge2 d6 7. Nd5 Qd8 8.
d4 c6 9. Ndxf4 Nf6 10. Qd3 Qe7 11. Ng3 Na6 12. Nfh5 Nxh5 13. Nxh5 Rg8 14. e5
dxe5 15. Qxh7 exd4+ 16. Be2 Qf8 17. Qe4+ Be6 18. Bxa6 O-O-O 19. Qxc6+ 1-0

[Event "Superettan(Kamraterna-Schack 08)"]
[Site "?"]
[Date "2017.03.05"]
[Round "5"]
[White "Madebrink, Lars"]
[Black "Drugge, Patrick"]
[Result "1/2-1/2"]
[WhiteElo "2230"]
[BlackElo "2189"]
[PlyCount "139"]
1. d4 d5 2. Nf3 c6 3. g3 e6 4. Bg2 Bd6 5. O-O Nd7 6. e4 dxe4 7. Ng5 Ngf6 8. Nc3
O-O 9. Ncxe4 Be7 10. Bf4 Nxe4 11. Nxe4 Nf6 12. Nc5 b6 13. Nd3 Ba6 14. c3 Rc8
15. Qf3 c5 16. Rfd1 c4 17. Ne5 Nd5 18. Bd2 Rc7 19. Bf1 Bg5 20. b3 Bb7 21. Bxg5
Qxg5 22. bxc4 Nf6 23. Qe3 Qxe3 24. fxe3 Ne4 25. Rac1 f6 26. Nd3 Ba6 27. Bg2 f5
28. c5 Bxd3 29. Rxd3 bxc5 30. d5 exd5 31. Rxd5 Ng5 32. Rf1 g6 33. g4 Ne4 34.
Bxe4 fxe4 35. Rxf8+ Kxf8 36. Re5 Rd7 37. Rxc5 Rd1+ 38. Kf2 Rd2+ 39. Kg3 Rxa2
40. h4 a5 41. Rc8+ Kf7 42. Rc7+ Kf6 43. Kf4 Rh2 44. Rxh7 Rxh4 45. Ra7 g5+ 46.
Kg3 Rh1 47. Rxa5 Rg1+ 48. Kf2 Rxg4 49. c4 Ke6 50. Rd5 Kf6 51. Rd4 Rh4 52. Kg3
Kf5 53. c5 Rh7 54. Rc4 Rc7 55. c6 Ke5 56. Kg4 Kd5 57. Rc1 Rxc6 58. Rxc6 Kxc6
59. Kxg5 Kd5 60. Kf5 Kd6 61. Kxe4 Ke6 62. Kf4 Kf6 63. e4 Ke6 64. e5 Ke7 65. Kf5
Kf7 66. e6+ Ke7 67. Ke5 Ke8 68. Kd6 Kd8 69. e7+ Ke8 70. Ke6 1/2-1/2

[Event "Superettan(Orgryte-Vaxjo)"]
[Site "?"]
[Date "2017.03.05"]
[Round "5"]
[White "Solodovnichenko, Yuri"]
[Black "Ziegler, Ari"]
[Result "1-0"]
[WhiteElo "2569"]
[BlackElo "2299"]
[PlyCount "91"]
[SourceDate "2017.03.08"]
1. e4 e5 2. Nf3 Nc6 3. d4 exd4 4. Nxd4 Nf6 5. Nxc6 bxc6 6. e5 Qe7 7. Qe2 Nd5 8.
c4 Nb6 9. g3 a5 10. Nd2 Qe6 11. Ne4 Bb4+ 12. Kd1 Qxe5 13. Bf4 Qd4+ 14. Kc2 O-O
15. Rd1 Qxc4+ 16. Qxc4 Nxc4 17. Bxc4 d5 18. Bd3 dxe4 19. Bxe4 Be6 20. Bxc6 Bf5+
21. Kc1 Ra6 22. Bd5 a4 23. a3 Bd6 24. Be3 Rb8 25. Bd4 Ra5 26. Bc4 Be5 27. Rhe1
Bxd4 28. Rxd4 Rc5 29. Re3 Kf8 30. Rc3 h6 31. Rd5 Rxd5 32. Bxd5 Rd8 33. Bf3 Be6
34. Bd1 Rd4 35. Rxc7 g5 36. Bc2 g4 37. Rb7 Rc4 38. Kd2 Rd4+ 39. Ke3 Rc4 40. Kd3
Rc5 41. Bxa4 Rf5 42. Bc6 Rxf2 43. a4 Rxh2 44. a5 Kg7 45. a6 Bc8 46. a7 1-0

[Event "Superettan(Orgryte-Vaxjo)"]
[Site "?"]
[Date "2017.03.05"]
[Round "5"]
[White "Tukhaev, Adam"]
[Black "Bromann, Thorbjorn"]
[Result "1-0"]
[WhiteElo "2516"]
[BlackElo "2408"]
[PlyCount "67"]
1. e4 e6 2. d4 d5 3. e5 c5 4. c3 Nc6 5. Nf3 Bd7 6. Be2 Nge7 7. O-O Ng6 8. g3
Be7 9. h4 cxd4 10. cxd4 O-O 11. h5 Nh8 12. Bf4 f6 13. Qd2 Be8 14. exf6 Bxf6 15.
h6 g6 16. Nc3 Nf7 17. Rae1 Kh8 18. Bb5 g5 19. Bxc6 bxc6 20. Be5 Bxe5 21. Nxe5
Nxh6 22. Na4 Qe7 23. Nc5 Rf5 24. Nxc6 Qf7 25. Ne5 Qh5 26. Kg2 Rxe5 27. Rxe5 Nf5
28. Qd1 Qg6 29. Rxe6 Qg7 30. Re5 Bg6 31. Qg4 Nh6 32. Qd7 Nf7 33. Re8+ Rxe8 34.
Qxe8+ 1-0

[Event "Superettan(Orgryte-Vaxjo)"]
[Site "?"]
[Date "2017.03.05"]
[Round "5"]
[White "Lindberg, Bengt"]
[Black "Arnelind, Mikael"]
[Result "0-1"]
[WhiteElo "2376"]
[BlackElo "2177"]
[PlyCount "84"]
1. e4 e6 2. d4 d5 3. Nc3 Bb4 4. e5 Ne7 5. a3 Bxc3+ 6. bxc3 b6 7. Qg4 Ng6 8. h4
h5 9. Qd1 c5 10. Bb5+ Bd7 11. Bd3 Ba4 12. Nf3 Nc6 13. Bg5 Qc7 14. O-O c4 15.
Be2 Nce7 16. Ne1 O-O-O 17. Bxh5 Rdf8 18. Bxg6 Nxg6 19. h5 f6 20. Qg4 Nxe5 21.
dxe5 fxg5 22. Nf3 Bxc2 23. Qxe6+ Qd7 24. Qxd7+ Kxd7 25. Nxg5 Bd3 26. Rfe1 Rxh5
27. Nh3 g5 28. f3 Rxh3 29. gxh3 Rxf3 30. Kh2 Bf5 31. Rf1 Rxh3+ 32. Kg2 Be6 33.
Rac1 Re3 34. Rfe1 Rd3 35. Rh1 Bf5 36. Rh6 g4 37. Rf1 Be4+ 38. Kg1 Rg3+ 39. Kf2
Rxc3 40. Rg1 Rf3+ 41. Ke2 Rxa3 42. Rf6 g3 0-1

[Event "Superettan(Orgryte-Vaxjo)"]
[Site "?"]
[Date "2017.03.05"]
[Round "5"]
[White "Kumar, Rahul"]
[Black "Sevastianov, Andrii"]
[Result "1-0"]
[WhiteElo "2214"]
[BlackElo "2172"]
[PlyCount "103"]
1. d4 d5 2. Nf3 Bf5 3. e3 Nf6 4. Be2 e6 5. O-O Bd6 6. b3 Nbd7 7. Bb2 Ne4 8. c4
c6 9. Nc3 g5 10. cxd5 exd5 11. Nxe4 Bxe4 12. Ne5 Qe7 13. f3 Bg6 14. f4 f6 15.
Bg4 fxe5 16. Bxd7+ Kxd7 17. dxe5 Bc5 18. f5 Bxe3+ 19. Kh1 Bxf5 20. Rxf5 Rhf8
21. Qd3 Rxf5 22. Qxf5+ Kc7 23. Rf1 Bc5 24. e6 Rf8 25. Be5+ Kc8 26. Bf6 Kc7 27.
Bxe7 Rxf5 28. Bd8+ Kxd8 29. Rxf5 Ke7 30. Rxg5 Be3 31. Re5 Bf4 32. Re2 d4 33.
Re4 Be3 34. g4 c5 35. Kg2 b5 36. Kf3 Bg1 37. h4 d3 38. g5 Bd4 39. h5 a5 40. g6
hxg6 41. hxg6 Bb2 42. Ke3 a4 43. Kxd3 axb3 44. axb3 Bg7 45. Ke3 c4 46. bxc4
bxc4 47. Kf4 c3 48. Kf5 Bh8 49. Rc4 Kd6 50. g7 Bxg7 51. Kg6 Kd5 52. Rc8 1-0

[Event "Superettan(Kamraterna-Vaxjo)"]
[Site "?"]
[Date "2017.03.04"]
[Round "6"]
[White "Olofsson-Dolk, Mattis"]
[Black "Hamark, Jesper"]
[Result "0-1"]
[WhiteElo "2210"]
[BlackElo "2291"]
[PlyCount "88"]
1. d4 d5 2. c4 Nc6 3. Nc3 dxc4 4. Nf3 Nf6 5. Bg5 a6 6. d5 Na5 7. e4 h6 8. Be3
e6 9. Qa4+ c6 10. Rd1 b5 11. dxe6 Qc7 12. exf7+ Kxf7 13. Qc2 Bb4 14. Be2 Re8
15. Nd2 Kg8 16. O-O Ng4 17. Bxg4 Bxg4 18. f3 Bh5 19. Ne2 Rad8 20. Ng3 Bg6 21.
Nb1 Rxd1 22. Rxd1 Nb7 23. a3 Bd6 24. Qf2 Qe7 25. Nc3 Be5 26. Bd4 Rd8 27. Nge2
Bf7 28. Kh1 Bxd4 29. Rxd4 c5 30. Rxd8+ Qxd8 31. Nf4 Qd4 32. Kg1 Kf8 33. h4 Nd6
34. Nfe2 Qxf2+ 35. Kxf2 b4 36. Na4 c3 37. axb4 cxb2 38. Nxb2 cxb4 39. Nd4 a5
40. Nc6 Nb7 41. Nd3 b3 42. Nd4 a4 43. e5 a3 44. e6 b2 0-1

[Event "Superettan(Rockaden,Sthlm II-Upsala)"]
[Site "?"]
[Date "2017.03.04"]
[Round "6"]
[White "Johansson, Carl Fredrik"]
[Black "Backman, Michael"]
[Result "1-0"]
[WhiteElo "2201"]
[BlackElo "2147"]
[PlyCount "69"]
1. d4 Nf6 2. c4 g6 3. Nc3 Bg7 4. e4 d6 5. Nge2 O-O 6. Ng3 e5 7. d5 Ne8 8. h4 f5
9. exf5 gxf5 10. Bg5 Qd7 11. Nh5 f4 12. Nxg7 Qxg7 13. Bd3 Na6 14. Qh5 Nc5 15.
Bc2 Bf5 16. Bh6 Qf7 17. Qg5+ Kh8 18. Bxf5 Rg8 19. Be6 Nxe6 20. dxe6 Qxe6 21.
Qh5 Nf6 22. Qe2 Rxg2 23. Bxf4 Qg8 24. Bg5 Rf8 25. O-O-O Ng4 26. Ne4 h6 27. Rdg1
Rxg1+ 28. Rxg1 hxg5 29. Rxg4 Qh7 30. Rxg5 Rf5 31. Qg4 Rxg5 32. Nxg5 Qd3 33.
Qc8+ Kg7 34. Qxc7+ Kh6 35. Qxd6+ 1-0

[Event "Superettan(Kamraterna-Vaxjo)"]
[Site "?"]
[Date "2017.03.04"]
[Round "6"]
[White "Mohammadi, Amir"]
[Black "Sevastianov, Andrii"]
[Result "1-0"]
[WhiteElo "2297"]
[BlackElo "2172"]
[PlyCount "87"]
1. e4 e5 2. Nf3 Nc6 3. Bc4 Bc5 4. d3 Nf6 5. Bg5 h6 6. Bh4 Be7 7. Nbd2 d6 8. c3
O-O 9. h3 a6 10. Bb3 Be6 11. O-O Nh5 12. Bxe7 Qxe7 13. d4 Bxb3 14. Qxb3 Rab8
15. g3 Kh7 16. Rae1 Qf6 17. Qc4 Rbc8 18. Qd5 Qg6 19. Nh4 Qe6 20. Kh2 Nf6 21.
Qxe6 fxe6 22. Nhf3 exd4 23. Nxd4 e5 24. Nxc6 bxc6 25. Nc4 Rb8 26. b3 g5 27. Kg2
Kg6 28. f3 h5 29. Re2 h4 30. f4 Nh5 31. f5+ Kf6 32. g4 Nf4+ 33. Rxf4 exf4 34.
e5+ dxe5 35. Rxe5 Rbe8 36. Rc5 Re2+ 37. Kf3 Rh2 38. Rxc6+ Kg7 39. Rg6+ Kh7 40.
Rxg5 Rxh3+ 41. Kxf4 Rh1 42. Rh5+ Kg7 43. Ne3 Rh8 44. f6+ 1-0

[Event "Superettan(Rockaden,Sthlm II-Upsala)"]
[Site "?"]
[Date "2017.03.04"]
[Round "6"]
[White "Bit-Narva, David"]
[Black "Haj-Bakkor, Mohammad"]
[Result "1-0"]
[WhiteElo "2001"]
[BlackElo "2191"]
[PlyCount "79"]
1. e4 g6 2. d4 Bg7 3. Nc3 d6 4. Be3 c6 5. a4 Nf6 6. h3 O-O 7. g4 e5 8. Bg2 d5
9. exd5 Nxd5 10. Nxd5 cxd5 11. Ne2 e4 12. O-O Nc6 13. Nf4 f5 14. g5 Qd6 15. c3
Nd8 16. Qd2 Bd7 17. b3 Rc8 18. Rac1 Ne6 19. Nxe6 Bxe6 20. f4 Qa3 21. Rb1 Rc6
22. Rfc1 Rfc8 23. Bf1 a6 24. Rc2 Bf8 25. Ra2 Qd6 26. Rc2 Qc7 27. c4 dxc4 28.
bxc4 Rxc4 29. Bxc4 Bxc4 30. a5 Qd8 31. d5 Bd3 32. Rxc8 Qxc8 33. Rc1 Qd8 34. Qa2
Bd6 35. Bb6 Qe7 36. Rc8+ Kf7 37. Rh8 Bc5+ 38. Kh1 Qd6 39. Bxc5 Qxc5 40. Qb2 1-0

[Event "Superettan(Kamraterna-Vaxjo)"]
[Site "?"]
[Date "2017.03.04"]
[Round "6"]
[White "Neretljak, Nedzad"]
[Black "Andersson, Michael"]
[Result "1-0"]
[WhiteElo "2037"]
[BlackElo "2118"]
[PlyCount "105"]
[EventDate "2017.??.??"]
1. e4 g6 2. h4 d5 3. exd5 Qxd5 4. Nc3 Qd6 5. h5 Bg7 6. Bc4 Be6 7. Be2 Nc6 8. d3
Nd4 9. h6 Bf8 10. Nf3 Nf5 11. Ne4 Qb6 12. a4 a5 13. g4 Nfxh6 14. Be3 c5 15.
Bxc5 Qc7 16. Bd4 f6 17. g5 Nf5 18. Bc3 Bg7 19. d4 Bd5 20. Bb5+ Kf7 21. Qe2 Qf4
22. Bc4 e6 23. gxf6 Bxf6 24. Bd3 Bxe4 25. Bxe4 Nge7 26. Bd2 Qd6 27. O-O-O Nxd4
28. Nxd4 Qxd4 29. c3 Qxa4 30. Qf3 Qb5 31. Bd3 Qd5 32. Qe2 Qe5 33. Qg4 h5 34.
Qa4 b5 35. Bxb5 Rab8 36. Bc4 Nd5 37. Qd7+ Be7 38. Rhe1 Qd6 39. Qa4 Rbc8 40.
Bxd5 Qxd5 41. Be3 Qf5 42. Rd4 g5 43. f4 g4 44. Re4 g3 45. Re5 Qg4 46. Qa2 Bf6
47. f5 Bxe5 48. Qxe6+ Kg7 49. Qe7+ Kg8 50. Qxe5 Kh7 51. Rd1 Rhe8 52. Rd7+ Kg8
53. Qd5+ 1-0

[Event "Superettan(Rockaden,Sthlm II-Upsala)"]
[Site "?"]
[Date "2017.03.04"]
[Round "6"]
[White "Svensson, Mans"]
[Black "Nikolic, Vladan"]
[Result "1/2-1/2"]
[WhiteElo "2163"]
[BlackElo "2087"]
[PlyCount "44"]
1. d4 Nf6 2. c4 e6 3. Nc3 Bb4 4. Nf3 O-O 5. Bg5 c5 6. e3 cxd4 7. exd4 d5 8. Rc1
h6 9. Bd2 Nc6 10. a3 Be7 11. Bf4 Ne4 12. Bd3 Nxc3 13. Rxc3 dxc4 14. Bxc4 Bf6
15. Rd3 b5 16. Ba2 Qa5+ 17. Bd2 b4 18. Bc4 Rd8 19. O-O Ba6 20. axb4 Qb6 21.
Bxa6 Qxa6 22. Bc3 Rd5 1/2-1/2

[Event "Superettan(Kamraterna-Vaxjo)"]
[Site "?"]
[Date "2017.03.04"]
[Round "6"]
[White "Madebrink, Lars"]
[Black "Moren, Bjorn"]
[Result "1-0"]
[WhiteElo "2230"]
[BlackElo "2083"]
[PlyCount "113"]
1. d4 d5 2. Nf3 Nf6 3. c4 e6 4. g3 Be7 5. Bg2 O-O 6. O-O Nbd7 7. Qc2 c5 8. cxd5
Nxd5 9. Nc3 Nb4 10. Qd1 cxd4 11. Nxd4 e5 12. Nf5 Bf6 13. Nd6 Nc5 14. Be3 Ne6
15. Nxc8 Qxc8 16. Qa4 Nc6 17. Nd5 Ned4 18. Bxd4 Nxd4 19. Nxf6+ gxf6 20. e3 Qc2
21. Qxc2 Nxc2 22. Rac1 Nb4 23. Bxb7 Nxa2 24. Rc7 Rad8 25. Ra1 Nb4 26. Bf3 a6
27. Ra4 Rb8 28. Rb7 Nd3 29. Rxa6 e4 30. Rxb8 Rxb8 31. Bxe4 Nxb2 32. Rxf6 Kg7
33. Rc6 Rd8 34. Rc2 Na4 35. Kg2 Rd6 36. g4 h6 37. Kg3 Rd1 38. Rc7 Nb6 39. h4
Nd7 40. g5 hxg5 41. hxg5 Nf8 42. Bf5 Rg1+ 43. Kf4 Rh1 44. Ra7 Rh4+ 45. Kg3 Rh1
46. f4 Re1 47. Kf3 Rf1+ 48. Ke4 Re1 49. Bg4 Rh1 50. f5 Rg1 51. Kf3 Kg8 52. Kf4
Rf1+ 53. Ke5 Rh1 54. Bf3 Rh3 55. Kf4 Nh7 56. Bd5 Rh4+ 57. Kg3 1-0

[Event "Superettan(Rockaden,Sthlm II-Upsala)"]
[Site "?"]
[Date "2017.03.04"]
[Round "6"]
[White "Crevatin, Leo"]
[Black "Cederberg, Karl Olof"]
[Result "1/2-1/2"]
[WhiteElo "1976"]
[BlackElo "2209"]
[PlyCount "140"]
1. d4 Nf6 2. Bf4 g6 3. e3 Bg7 4. Be2 d6 5. h3 O-O 6. Nf3 c5 7. c3 Nfd7 8. Bh2
Nc6 9. Nbd2 a6 10. a4 Rb8 11. O-O b5 12. axb5 axb5 13. Ne4 cxd4 14. exd4 Rb6
15. Qd2 Bb7 16. d5 Nce5 17. Nxe5 Nxe5 18. Bf4 Nc4 19. Bxc4 bxc4 20. Ra4 Rb5 21.
Rb4 Rxd5 22. Qc2 Qa8 23. f3 Ra5 24. Nd2 Qa7+ 25. Kh1 d5 26. Bc7 Ra6 27. Re1 Bc6
28. Bf4 Ra1 29. Rxa1 Qxa1+ 30. Qb1 Qxb1+ 31. Nxb1 e5 32. Be3 Rc8 33. Bf2 Bd7
34. Nd2 Be6 35. g4 d4 36. Kg2 f5 37. Rb6 Bf7 38. Rd6 Bf8 39. Rd7 Be6 40. Rb7
Bc5 41. Rb5 Bd7 42. Ra5 Be6 43. Ra6 Bd5 44. Ra5 Bf7 45. Rb5 Be8 46. Ra5 Bd6 47.
Rd5 dxc3 48. bxc3 Bb8 49. Nxc4 Bf7 50. Nb6 Bxd5 51. Nxc8 Bb7 52. Ba7 Bc7 53.
Bb6 Bb8 54. Ba7 Bxa7 55. Nxa7 Kf7 56. gxf5 gxf5 57. Nb5 Ke6 58. Kg3 Kd5 59. Na3
Ba6 60. f4 Ke4 61. fxe5 f4+ 62. Kf2 Kxe5 63. c4 Bb7 64. Nc2 Be4 65. Ne1 Kd4 66.
Ng2 Ke5 67. Ne1 Bf5 68. h4 Bd7 69. c5 Kd4 70. Ng2 Ke5 1/2-1/2

[Event "Superettan(Orgryte-Schack 08)"]
[Site "?"]
[Date "2017.03.04"]
[Round "6"]
[White "Laveryd, Peter"]
[Black "Tukhaev, Adam"]
[Result "1/2-1/2"]
[WhiteElo "2381"]
[BlackElo "2516"]
[PlyCount "138"]
[SourceDate "2017.03.09"]
1. d4 Nf6 2. Nf3 g6 3. Bf4 Bg7 4. e3 d6 5. h3 O-O 6. Be2 c5 7. c3 Qb6 8. Qc1
cxd4 9. exd4 e5 10. Bh2 e4 11. Nfd2 d5 12. O-O Nc6 13. Nb3 h6 14. Na3 Qd8 15.
Rd1 Be6 16. Nc5 Qe7 17. Nxe6 Qxe6 18. Nb5 Rad8 19. c4 a6 20. Nc7 Qe7 21. cxd5
Nxd5 22. Nxd5 Rxd5 23. Be5 Bxe5 24. dxe5 Nd4 25. Bc4 b5 26. Bf1 Rfd8 27. Re1
Qxe5 28. Rb1 Nf5 29. Qc6 R8d6 30. Qc3 Nd4 31. Rbc1 Kg7 32. a4 Rc6 33. Qe3 Re6
34. axb5 axb5 35. Rc8 Nf5 36. Qa3 Re8 37. Rxe8 Qxe8 38. Qc3+ Kh7 39. Qc7 Nd6
40. Qc3 Nf5 41. Qc7 h5 42. Qb7 Qe6 43. Qb8 Nd6 44. Qc7 Qf6 45. Qc2 h4 46. Rd1
Rxd1 47. Qxd1 Qe5 48. Qb3 Kg7 49. Be2 Qd4 50. Bxb5 f6 51. Be2 Qd2 52. Qd1 Qb4
53. Bf1 Nf5 54. Qd7+ Kh6 55. Qb5 Qe1 56. Qe2 Qb1 57. Qd2+ e3 58. fxe3 Ng3 59.
Qd3 Qe1 60. b4 Qxb4 61. Qc4 Qxc4 62. Bxc4 Kg5 63. Bd3 f5 64. Kf2 Kf6 65. Kf3
Ke5 66. Bc2 g5 67. Bb1 Nh5 68. e4 fxe4+ 69. Bxe4 Nf6 1/2-1/2

[Event "Superettan(Horndal-Vasteras)"]
[Site "?"]
[Date "2017.03.04"]
[Round "6"]
[White "Norberg, Johan"]
[Black "Marcus, Hakan"]
[Result "1/2-1/2"]
[WhiteElo "2298"]
[BlackElo "2182"]
[PlyCount "80"]
[SourceDate "2017.03.11"]
1. e4 c6 2. Nc3 d5 3. Nf3 dxe4 4. Nxe4 Nf6 5. Nxf6+ exf6 6. Bc4 Qe7+ 7. Be2 Qc7
8. d4 Bd6 9. Be3 O-O 10. O-O Nd7 11. Qd3 Re8 12. Rad1 b5 13. d5 c5 14. Qxb5 Rb8
15. Qa4 Rxb2 16. Rb1 Rxb1 17. Rxb1 Re7 18. Bd3 Nf8 19. h3 Ng6 20. Ba6 Bd7 21.
Qc4 Bc8 22. Bxc8 Qxc8 23. Rb5 Rb7 24. a4 a6 25. Rb3 Rxb3 26. cxb3 Qb7 27. Bxc5
Bxc5 28. Qxc5 Qxb3 29. a5 Nf8 30. Nd4 Qd1+ 31. Kh2 g6 32. Nc6 Kg7 33. Nb4 Qe2
34. f4 Qd2 35. Qd6 h5 36. f5 g5 37. Nxa6 Qxa5 38. Nc7 Qa4 39. Kg1 Qd1+ 40. Kh2
Qa4 1/2-1/2

[Event "Superettan(Orgryte-Schack 08)"]
[Site "?"]
[Date "2017.03.04"]
[Round "6"]
[White "Ziegler, Ari"]
[Black "Renman, Nils-Gustaf"]
[Result "0-1"]
[WhiteElo "2299"]
[BlackElo "2354"]
[PlyCount "72"]
1. d4 d5 2. Bf4 c5 3. e3 Nc6 4. c3 Nf6 5. Nd2 e6 6. Bd3 Bd6 7. Bg3 e5 8. dxc5
Bxc5 9. e4 O-O 10. b4 Bb6 11. b5 Na5 12. Ngf3 Ng4 13. O-O dxe4 14. Bxe4 f5 15.
Bc2 e4 16. h3 exf3 17. hxg4 f4 18. Bh2 fxg2 19. Kxg2 Kh8 20. Be4 Be6 21. Rh1
Bd5 22. Qf3 Bxe4 23. Nxe4 Bc7 24. Rad1 Qe7 25. Rd4 Rad8 26. Rhd1 Rxd4 27. Rxd4
Be5 28. Rd5 Nc4 29. Kf1 Nb6 30. Rd1 h6 31. g5 Qe6 32. gxh6 Qxh6 33. Ke2 Kg8 34.
Rh1 Rd8 35. Kf1 Nc4 36. Bg3 Qxh1+ 0-1

[Event "Superettan(Horndal-Vasteras)"]
[Site "?"]
[Date "2017.03.04"]
[Round "6"]
[White "Olsson, Krister"]
[Black "Bergstrom, Peter"]
[Result "1/2-1/2"]
[WhiteElo "2388"]
[BlackElo "2280"]
[PlyCount "118"]
1. d4 d5 2. c4 c6 3. cxd5 cxd5 4. Nc3 Nf6 5. Bf4 Nc6 6. e3 Bf5 7. Qb3 Na5 8.
Qa4+ Bd7 9. Qc2 e6 10. Bd3 Rc8 11. Nge2 Be7 12. O-O Nh5 13. Be5 Nc6 14. a3 Nxe5
15. dxe5 g6 16. Nd4 Ng7 17. Qb3 Bc6 18. e4 Bc5 19. exd5 exd5 20. Nf3 O-O 21.
Rad1 Qb6 22. Bc2 Rfd8 23. Na4 Bxa4 24. Qxb6 Bxb6 25. Bxa4 Ne6 26. Bb3 d4 27.
Bxe6 fxe6 28. Rd3 Rc2 29. b4 Rd5 30. Rfd1 h6 31. Kf1 Rc4 32. Ke2 g5 33. h3 Kf7
34. Kd2 a5 35. Rb3 axb4 36. axb4 Rb5 37. Rdb1 Rcxb4 38. Rxb4 Rxb4 39. Rxb4 Ba5
40. Nxd4 Bxb4+ 41. Kd3 Bc5 42. Nb5 Bxf2 43. Nd6+ Kg6 44. Nxb7 Kf5 45. Nd6+ Kf4
46. g4 Bb6 47. Nf7 Bc7 48. Nxh6 Kxe5 49. Ng8 Kf4 50. Nf6 Kf3 51. Ne4 Bf4 52.
Nc5 e5 53. Ne4 Bc1 54. Nf6 Kg3 55. Ke4 Bf4 56. Kf5 Kxh3 57. Ne4 Kh4 58. Nxg5
Bxg5 59. Kxe5 Kxg4 1/2-1/2

[Event "Superettan(Orgryte-Schack 08)"]
[Site "?"]
[Date "2017.03.04"]
[Round "6"]
[White "Rosberg, Simon"]
[Black "Arnelind, Mikael"]
[Result "1-0"]
[WhiteElo "2309"]
[BlackElo "2177"]
[PlyCount "127"]
1. Nf3 Nf6 2. c4 e6 3. g3 b6 4. Bg2 Bb7 5. O-O Be7 6. d4 O-O 7. Re1 Na6 8. Nc3
Ne4 9. Qc2 Nxc3 10. bxc3 f5 11. a4 Be4 12. Qa2 c5 13. d5 Bf6 14. Bb2 exd5 15.
cxd5 d6 16. Bh3 Nc7 17. c4 f4 18. Nd2 Bg6 19. a5 fxg3 20. hxg3 Rb8 21. axb6
Rxb6 22. Bxf6 Qxf6 23. Nf3 a6 24. Qd2 Rb4 25. Rec1 Rb2 26. Qd1 Be4 27. Ra3 h6
28. Re3 Bg6 29. Rb3 Rb8 30. Rxb8+ Rxb8 31. Qa4 Be8 32. Qa5 Qe7 33. Nh4 g6 34.
e3 Kh7 35. Bf1 Rb3 36. Ng2 Bf7 37. Qd2 Rb4 38. Nf4 Qd8 39. Nd3 Rb6 40. e4 Qe8
41. Qa5 Na8 42. Re1 Qc8 43. e5 dxe5 44. Qxc5 Qxc5 45. Nxc5 Kg8 46. Rxe5 Nc7 47.
Re7 Nxd5 48. cxd5 Bxd5 49. Rd7 Bf3 50. Rd3 Bg4 51. f3 Bf5 52. Ra3 Rc6 53. Nxa6
h5 54. Nb4 Rc1 55. Kf2 Rb1 56. Nd5 Kg7 57. Ra7+ Kf8 58. Bc4 Rb2+ 59. Ke3 Ke8
60. Kf4 Kd8 61. Ne3 Rb4 62. Kg5 Bb1 63. Be6 Rb6 64. Ra8+ 1-0

[Event "Superettan(Horndal-Vasteras)"]
[Site "?"]
[Date "2017.03.04"]
[Round "6"]
[White "Eriksson, Anders"]
[Black "Angskog, Kent"]
[Result "1/2-1/2"]
[WhiteElo "2251"]
[BlackElo "2181"]
[PlyCount "105"]
1. Nf3 d6 2. d4 Bg4 3. e3 Nd7 4. Be2 Ngf6 5. c4 e5 6. Nc3 Be7 7. O-O O-O 8. e4
Bh5 9. d5 Nc5 10. Ne1 Bg6 11. f3 a5 12. Be3 Nfd7 13. Nd3 Bg5 14. Bf2 b6 15.
Nxc5 Nxc5 16. Na4 Nxa4 17. Qxa4 f5 18. Qc2 Bf4 19. exf5 Bxf5 20. Bd3 Qg5 21.
Bxf5 Qxf5 22. Qxf5 Rxf5 23. Rad1 Raf8 24. Rfe1 Bh6 25. b3 g6 26. Kf1 Kf7 27.
Ke2 Ke7 28. Kd3 Kd7 29. Re2 Bg5 30. Rde1 R5f7 31. Re4 Bf4 32. h3 h5 33. Kc2 Bg5
34. R1e2 Rf5 35. Kb2 R5f7 36. Ka3 Kc8 37. Ka4 Kb7 38. Kb5 Ra8 39. Be3 Bxe3 40.
R2xe3 Raf8 41. a3 g5 42. b4 axb4 43. axb4 Ra8 44. c5 bxc5 45. bxc5 Ra2 46. c6+
Ka7 47. Re2 Rxe2 48. Rxe2 Rf4 49. Ra2+ Kb8 50. Ra4 Rxa4 51. Kxa4 Ka7 52. Kb5
Kb8 53. Kc4 1/2-1/2

[Event "Superettan(Orgryte-Schack 08)"]
[Site "?"]
[Date "2017.03.04"]
[Round "6"]
[White "Kumar, Rahul"]
[Black "Ingbrant, Johan"]
[Result "1/2-1/2"]
[WhiteElo "2214"]
[BlackElo "2362"]
[PlyCount "69"]
1. c4 c5 2. Nc3 Nc6 3. g3 Nf6 4. Bg2 e6 5. e4 d5 6. exd5 exd5 7. Nxd5 Nxd5 8.
cxd5 Nb4 9. d3 Bf5 10. Ne2 Nxd3+ 11. Kf1 Bd6 12. Be3 O-O 13. g4 Bg6 14. h4 h6
15. Qd2 Ne5 16. h5 Nc4 17. Qc3 Nxe3+ 18. Qxe3 Re8 19. Qd2 Bh7 20. Rh3 Qf6 21.
Re1 Re7 22. Nc3 Bf4 23. Qd1 Rae8 24. Rxe7 Rxe7 25. Rf3 Qe5 26. d6 Qxd6 27. Rxf4
Qxd1+ 28. Nxd1 Bd3+ 29. Kg1 Re1+ 30. Kh2 Rxd1 31. Bd5 g5 32. Rxf7 Be4 33. Bb3
Rh1+ 34. Kg3 Rg1+ 35. Kh2 1/2-1/2